000 00455nam a2200145Ia 4500
003 OSt
005 20260124103958.0
008 211028s2017 xx 000 0 und d
040 _cAIMIT LIBRARY
041 _aeng
100 _aMalamel, Jain Jose; Suresh, Rajani.
_g1516056
_97632
245 _aStudy the effectiuveness of the OD intervention process conducted at L&T construction sites /
260 _aMangalore
_bRajani Suresh.
_c2017
942 _2ddc
_cPRO
999 _c219200
_d219200